Giáo trình tin học cơ sở

Guardat en:
Dades bibliogràfiques
Autor principal: Hồ, Sĩ Đàm
Altres autors: Đào, Kiến Quốc
Format: Llibre
Idioma:Undetermined
Publicat: H. ĐHSP 2003
Matèries:
Accés en línia:http://lrc.tdmu.edu.vn/opac/search/detail.asp?aID=2&ID=5472
Etiquetes: Afegir etiqueta
Sense etiquetes, Sigues el primer a etiquetar aquest registre!
Thư viện lưu trữ: Trung tâm Học liệu Trường Đại học Thủ Dầu Một
LEADER 00603nam a2200205Ia 4500
001 TDMU_5472
008 210410s9999 xx 000 0 und d
082 |a 004 
090 |b H400 
100 |a Hồ, Sĩ Đàm 
245 0 |a Giáo trình tin học cơ sở 
245 0 |c Hồ Sĩ Đàm 
260 |a H. 
260 |b ĐHSP 
260 |c 2003 
300 |a 376tr. 
650 |a Tin học đại cương 
700 |a Đào, Kiến Quốc 
856 |u http://lrc.tdmu.edu.vn/opac/search/detail.asp?aID=2&ID=5472 
980 |a Trung tâm Học liệu Trường Đại học Thủ Dầu Một